Movies Quiz

Random Movies or Actor Quiz

Killing Samuel L. Jackson Quiz Stats

 Plays Quiz Updated Mar 3, 2020

Support Sporcle.
Go Orange.
Score 0/22 Timer 04:00
1 Play Today
Character Name Movie % Correct
Mace WinduStar Wars Episode III: Revenge of the Sith
74.1%
Russell Franklin Deep Blue Sea
49.2%
StephenDjango Unchained
48.6%
Elijah PriceGlass
42.1%
Major Marquis WarrenThe Hateful Eight
37.9%
Stacks Edwards Goodfellas
34.6%
Ordell Robbie Jackie Brown
34.5%
Ray Arnold Jurassic Park
32.8%
Richmond ValentineKingsman: The Secret Service
31.8%
RufusKill Bill Vol. 2
17%
OctopusThe Spirit
16.1%
Character Name Movie % Correct
Gator Purify Jungle Fever
11.5%
Preston PackardKong: Skull Island
11.3%
P.K. HighsmithThe Other Guys
10.8%
Abel TurnerLakeview Terrace
10%
Big DonTrue Romance
9.5%
Trevor Garfield One Eight Seven
7.3%
Mr. BarronMiss Peregrine's Home for Peculiar Children
5.5%
Louis Batiste Eve's Bayou
4.8%
Tat Lawson Menace II Society
4.7%
JimmySydney
3.9%
John MillsTwisted
3.7%

From the Vault

Famous TV Dads

by Erruda

Always end the name of your child with a vowel, so that when you yell, the name will carry. - Bill Cosby
Remove Ads.
Support Sporcle.
Get the best of Sporcle when you Go Orange. This ad-free experience offers more features, more stats, and more fun while also helping to support Sporcle. Thank you for becoming a member.

Show Comments

Extras

Top Quizzes Today


Score Distribution

Your Account Isn't Verified!

In order to create a playlist on Sporcle, you need to verify the email address you used during registration. Go to your Sporcle Settings to finish the process.

Report this User

Report this user for behavior that violates our Community Guidelines.

Details: